| 000 | 01004cam a2200289 a 4500 | ||
|---|---|---|---|
| 999 |
_c328480 _d328480 |
||
| 001 | 16450841 | ||
| 003 | Nust | ||
| 005 | 20170407190947.0 | ||
| 008 | 100908r20092008enkb 000 1 eng d | ||
| 010 | _a 2010502828 | ||
| 015 |
_aGBA933280 _2bnb |
||
| 016 | 7 |
_a015103419 _2Uk |
|
| 020 | _a9780719569340 (pbk.) | ||
| 035 | _a(OCoLC)ocn489626900 | ||
| 040 |
_aUKM _cUKM _dABG _dDLC |
||
| 042 |
_aukblcatcopy _alccopycat |
||
| 050 | 0 | 0 |
_aPR6110.J258 _bP55 2009 |
| 082 | 0 | 4 |
_a823.914 _bJAC |
| 100 | 1 |
_aJackson, James H., _d1962- |
|
| 245 | 1 | 0 |
_aPilgrim : _bthe greatest crusade / _cJames Jackson. |
| 260 |
_aLondon : _bJohn Murray, _c2009. |
||
| 300 |
_a501 p. : _bmap ; _c18 cm. |
||
| 500 | _a"First published in Great Britain in 2008 by John Murray"--T.p. verso. | ||
| 650 | 0 |
_aChildren's Crusade, 1212 _vFiction. |
|
| 655 | 7 |
_aHistorical fiction. _2gsafd |
|
| 906 |
_a7 _bcbc _ccopycat _d2 _encip _f20 _gy-gencatlg |
||
| 942 |
_2ddc _cBK |
||